| 000 | 00926nam a2200181Ia 4500 | ||
|---|---|---|---|
| 008 | 151202s9999||||xx |||||||||||||| ||und|| | ||
| 082 | _bPNVM-1312 | ||
| 100 | _aपाठक सुरेश. | ||
| 245 | _aपाणिनीय सूत्र पाठस्य तत्व परीषिष्ट ग्रंथानाच शब्दकोष:. | ||
| 260 | _b"भांडारकर ओरिएंटल रिसर्च, पुणे." | ||
| 260 | _c1935 | ||
| 300 | _a750 | ||
| 600 | _aपाठक सुरेश. | ||
| 630 | _aपाणिनीय सूत्र पाठस्य तत्व परीषिष्ट ग्रंथानाच शब्दकोष:. | ||
| 700 | _aपाठक सुरेश. | ||
| 730 | _aपाणिनीय सूत्र पाठस्य तत्व परीषिष्ट ग्रंथानाच शब्दकोष:. | ||
| 942 | _cBOOK | ||
| 999 |
_c1267310 _d1267307 |
||